000 00828nam a22002417a 4500
003 UA-OsUOA
001 46365
007 ta
008 20120215b un ||||| |||| 00| 0 ukr d
100 _aЖабко-Потапович Л.
090 _a27(477)
_bЖ12
942 _cBK
040 _aUA-OsUOA
_bukr
_cUA-OsUOA
_dUA-OsUOA
245 _aХристове світло в Україні. Історія Українського Євангельського-Баптитського Руху
300 _a170 с.
955 _a4
041 _aukr
080 _a27(477)
260 _aЧікаго
_c1991
650 7 _a27 Загальна історія Християнської церкви
_2UDC
999 _c426460
_d426460